[Event "9th Leiden Open A 2015"]
[Site "Leiden NED"]
[Date "2015.07.25"]
[Round "8.8"]
[White "Gindi, Shachar"]
[Black "Van der Marel, Lambertus"]
[Result "1/2-1/2"]
[WhiteTitle "FM"]
[WhiteElo "2336"]
[BlackElo "2161"]
[WhiteFideId "2804182"]
[BlackFideId "1005855"]
[EventDate "2015.07.17"]

1. Nf3 d5 2. c4 c6 3. e3 Nf6 4. Nc3 g6 5. d4 Bg7 6. Be2 O-O 7. O-O Bg4 8. cxd5
cxd5 9. Qb3 Bc8 10. Ne5 e6 11. Bd2 Nfd7 12. f4 Nc6 13. Nxc6 bxc6 14. Na4 Rb8 15.
Qa3 Re8 16. Bb4 Nf6 17. Rac1 Bd7 18. Bd6 Ra8 19. Bd3 Ng4 20. Be2 Nf6 21. Bf3 Qa5
22. Rf2 c5 23. Nxc5 Qxa3 24. bxa3 Rec8 25. Rfc2 Ne8 26. Be7 Rc7 27. Nxd7 Rxd7
28. Bb4 Bf8 29. Rc8 Rd8 30. Rxd8 Rxd8 31. Rc6 Rb8 32. Ra6 Rb7 33. Be2 Nf6 34. h3
h5 35. Bd3 Kg7 36. Kf2 Bxb4 37. axb4 Rxb4 38. Rxa7 Ne4+ 39. Bxe4 dxe4 40. a4 h4
41. a5 Rb2+ 42. Kf1 Rb3 43. Kf2 Rb2+ 44. Kf1 1/2-1/2

[Event "9th Leiden Open A 2015"]
[Site "Leiden NED"]
[Date "2015.07.25"]
[Round "8.9"]
[White "Van Delft, Merijn"]
[Black "Visser, Henk-Jan"]
[Result "1/2-1/2"]
[WhiteTitle "IM"]
[WhiteElo "2428"]
[BlackElo "2272"]
[WhiteFideId "1004670"]
[BlackFideId "1010204"]
[EventDate "2015.07.17"]

1. Nf3 Nf6 2. g3 b6 3. Bg2 Bb7 4. O-O c5 5. c4 g6 6. Nc3 Bg7 7. d4 cxd4 8. Nxd4
Bxg2 9. Kxg2 Qc8 10. Qd3 Nc6 11. b3 Qb7 12. Qf3 O-O-O 13. Nxc6 dxc6 14. Bg5 c5
15. Rad1 Qxf3+ 16. Kxf3 Rhe8 17. Rxd8+ Rxd8 18. Bxf6 Bxf6 19. Nd5 Rd7 20. Rd1 e6
21. Ne3 Rxd1 22. Nxd1 Kb7 23. Ne3 Kc6 24. a4 Kd6 25. Ng2 Bg5 26. Ke4 1/2-1/2

[Event "9th Leiden Open A 2015"]
[Site "Leiden NED"]
[Date "2015.07.25"]
[Round "8.10"]
[White "Heemskerk, Wim"]
[Black "Van Overdam, Julian"]
[Result "1/2-1/2"]
[WhiteTitle "FM"]
[WhiteElo "2175"]
[BlackElo "2367"]
[WhiteFideId "1001000"]
[BlackFideId "1015303"]
[EventDate "2015.07.17"]

1. Nf3 Nf6 2. c4 h6 3. g3 g5 4. d4 g4 5. Ne5 d6 6. Nd3 Bg7 7. Nc3 O-O 8. Bg2 Nc6
9. e3 e5 10. d5 Ne7 11. e4 Nh7 12. h3 gxh3 13. Bxh3 f5 14. exf5 Nxf5 15. Ne4 Nd4
16. Bg2 Qe8 17. Bxh6 Qg6 18. Bxg7 Kxg7 19. Rh4 Kg8 20. Kd2 b5 21. cxb5 Ng5 22.
Nxg5 Qxg5+ 23. f4 Qxg3 24. Qh1 Bf5 25. Be4 Bxe4 26. Rg1 Nf3+ 27. Qxf3 Qxg1 28.
Qxe4 Rf7 29. fxe5 Rg7 30. exd6 Qg5+ 31. Kc2 Qg2+ 32. Kc3 Qxe4 33. Rxe4 cxd6 34.
Nb4 Rg3+ 35. Kc4 Rg2 36. Kb3 Rf8 37. Re7 Rff2 38. Rxa7 Rxb2+ 39. Kc3 Rg4 40.
Kxb2 Rxb4+ 41. Kc3 Rxb5 42. Kc4 Rc5+ 43. Kd4 Kf8 44. Rd7 Ra5 45. Rxd6 Ke7 46.
Re6+ Kd7 47. Re2 Kd6 48. Re6+ 1/2-1/2

[Event "9th Leiden Open A 2015"]
[Site "Leiden NED"]
[Date "2015.07.25"]
[Round "8.11"]
[White "Wilschut, Peter"]
[Black "Kerkvliet, Max"]
[Result "1/2-1/2"]
[WhiteElo "2238"]
[BlackElo "2186"]
[WhiteFideId "1007165"]
[BlackFideId "1025546"]
[EventDate "2015.07.17"]

1. c4 e6 2. g3 d5 3. Bg2 Nf6 4. Nf3 Be7 5. O-O O-O 6. b3 b6 7. Bb2 Bb7 8. e3 c5
9. Qe2 Nc6 10. d3 Qc7 11. e4 dxe4 12. dxe4 e5 13. Nc3 Nd4 14. Nxd4 cxd4 15. Nd5
Nxd5 16. exd5 Bc5 17. Qd2 Qd6 18. f4 f6 19. fxe5 fxe5 20. Be4 b5 21. Qd3 h6 22.
Rxf8+ Rxf8 23. Rf1 bxc4 1/2-1/2

[Event "9th Leiden Open A 2015"]
[Site "Leiden NED"]
[Date "2015.07.25"]
[Round "8.12"]
[White "Kolodkin, Daniil"]
[Black "Halfhide, Sebastian"]
[Result "1/2-1/2"]
[WhiteElo "2208"]
[BlackElo "2091"]
[WhiteFideId "1039776"]
[BlackFideId "1045946"]
[EventDate "2015.07.17"]

1. c4 Nf6 2. Nc3 e5 3. e3 d5 4. cxd5 Nxd5 5. Nf3 Nxc3 6. bxc3 Bd6 7. e4 O-O 8.
Bc4 Qe7 9. O-O Be6 10. Bxe6 Qxe6 11. Re1 Nd7 12. d4 Rae8 13. d5 Qe7 14. Bg5 f6
15. Be3 g6 16. Rb1 b6 17. h4 Kh8 18. Bh6 Rg8 19. Qd2 Nc5 20. g3 f5 21. Ng5 Qf6
22. exf5 gxf5 23. f4 Ne4 24. Rxe4 fxe4 25. fxe5 Bc5+ 26. Kg2 Rxe5 27. Rf1 Rf5
28. Nxe4 Qg6 29. Rxf5 Qxf5 30. Qf4 Qxf4 31. Bxf4 Re8 32. Kf3 1/2-1/2

[Event "9th Leiden Open A 2015"]
[Site "Leiden NED"]
[Date "2015.07.25"]
[Round "8.14"]
[White "Van der Elburg, Freddie"]
[Black "Oosterom, Erik"]
[Result "0-1"]
[WhiteElo "2185"]
[BlackElo "2043"]
[WhiteFideId "1007904"]
[BlackFideId "1003470"]
[EventDate "2015.07.17"]

1. f4 d5 2. Nf3 Nf6 3. g3 g6 4. Bg2 Bg7 5. O-O O-O 6. d3 c5 7. c3 Nc6 8. Na3 d4
9. Bd2 Nd5 10. Qe1 Rb8 11. Kh1 b6 12. cxd4 Nxd4 13. Ne5 Bb7 14. e3 Nc6 15. Nac4
Ndb4 16. Nxc6 Nxc6 17. Qb1 b5 18. Na3 a6 19. Bc3 e5 20. Bxe5 Nxe5 21. fxe5 Bxg2+
22. Kxg2 Qd5+ 23. e4 Qxe5 24. Rf2 f5 25. Qe1 fxe4 26. Re2 e3 27. Nc2 Qd5+ 28.
Kg1 Qxd3 29. Rd1 Qe4 30. b4 c4 31. Nxe3 Rbe8 32. Qd2 Bh6 33. Rde1 Qd3 0-1

[Event "9th Leiden Open A 2015"]
[Site "Leiden NED"]
[Date "2015.07.25"]
[Round "8.15"]
[White "Wallgren, Ulf"]
[Black "Van Briemen, Willem"]
[Result "1-0"]
[WhiteElo "2141"]
[BlackElo "2041"]
[WhiteFideId "1706527"]
[BlackFideId "1026445"]
[EventDate "2015.07.17"]

1. e4 e6 2. d4 d5 3. e5 c5 4. c3 Nc6 5. Nf3 Bd7 6. dxc5 Bxc5 7. b4 Be7 8. b5 Na5
9. Bd3 Qb6 10. a4 Bc5 11. O-O Ne7 12. Ra2 f6 13. Nbd2 O-O-O 14. Nb3 Nxb3 15.
Qxb3 a5 16. Rd2 Be8 17. Ba3 Bg6 18. Bxc5 Qxc5 19. Nd4 Bxd3 20. Rxd3 Qb6 21. Re1
f5 22. c4 Kb8 23. c5 Qxc5 24. Nxe6 Qc8 25. Nxd8 Rxd8 26. Qc3 b6 27. Rc1 Qxc3 28.
Rcxc3 g6 29. f4 Rd7 30. Kf2 Kb7 31. Ke2 Kb8 32. Rc1 Kb7 33. Ke3 Kb8 34. Kd4 Kb7
35. Rdc3 Kb8 36. h4 h5 37. g3 Kb7 38. e6 1-0

[Event "9th Leiden Open A 2015"]
[Site "Leiden NED"]
[Date "2015.07.25"]
[Round "8.16"]
[White "Van Halderen, Herman"]
[Black "Jongste, David"]
[Result "1-0"]
[WhiteElo "2052"]
[BlackElo "1976"]
[WhiteFideId "1026682"]
[BlackFideId "1042637"]
[EventDate "2015.07.17"]

1. d4 Nf6 2. c4 g6 3. Nc3 Bg7 4. e4 d6 5. Be2 O-O 6. Nf3 e5 7. O-O Nc6 8. d5 Ne7
9. Ne1 Nd7 10. Be3 f5 11. f3 f4 12. Bf2 g5 13. a4 a5 14. Nd3 b6 15. b4 axb4 16.
Nxb4 Nf6 17. Nb5 h5 18. Nd3 g4 19. a5 bxa5 20. c5 Rf7 21. Be1 Ng6 22. Rxa5 Rxa5
23. Bxa5 Bf8 24. Qc2 g3 25. cxd6 Ng4 26. fxg4 Qh4 27. h3 hxg4 28. Ne1 f3 29.
Bxf3 Bh6 30. Bd2 Nf4 31. Bxg4 Bxg4 32. Rxf4 Rxf4 33. Bxf4 Bxf4 34. hxg4 Be3+ 35.
Kf1 1-0

[Event "9th Leiden Open A 2015"]
[Site "Leiden NED"]
[Date "2015.07.25"]
[Round "8.18"]
[White "Sorensen, Bent"]
[Black "De Mooij, Marco"]
[Result "1-0"]
[WhiteTitle "FM"]
[WhiteElo "2217"]
[BlackElo "1929"]
[WhiteFideId "1400410"]
[BlackFideId "1031007"]
[EventDate "2015.07.17"]

1. Nf3 c5 2. c4 Nf6 3. Nc3 d6 4. g3 g6 5. Bg2 Nc6 6. O-O Bg7 7. a3 O-O 8. Rb1
Rb8 9. b4 cxb4 10. axb4 Bf5 11. d3 Ng4 12. Bd2 Qc8 13. b5 Nce5 14. Nh4 Be6 15.
h3 Nh6 16. Kh2 Nf5 17. Nxf5 Bxf5 18. Nd5 Re8 19. Be3 b6 20. f4 e6 21. Nb4 Nxc4
22. dxc4 Bxb1 23. Nc6 Ba2 24. Nxb8 Bxc4 25. Nc6 Qc7 26. Qa4 d5 27. Qxa7 Qxa7 28.
Nxa7 Rb8 29. Nc6 Rb7 30. Nd4 Ra7 31. Rc1 Ra3 32. Bg1 e5 33. fxe5 Bxe5 34. Nf3
Bc7 35. e4 Ra2 36. Ne1 Ra3 37. Bf2 Be5 38. exd5 Bxb5 39. Nf3 Bd6 40. Bxb6 Be2
41. Rc8+ Kg7 42. Bd4+ Kh6 43. Bc3 Ra2 44. Ne1 1-0

[Event "9th Leiden Open A 2015"]
[Site "Leiden NED"]
[Date "2015.07.25"]
[Round "8.19"]
[White "Polak, Alexander"]
[Black "Campbell, Ian"]
[Result "1-0"]
[WhiteElo "2114"]
[BlackElo "2005"]
[WhiteFideId "1039695"]
[BlackFideId "415219"]
[EventDate "2015.07.17"]

1. e4 g6 2. d4 Bg7 3. Nc3 d6 4. Be3 a6 5. f4 e6 6. Bd3 Ne7 7. Nf3 b5 8. O-O Bb7
9. Qe1 Nbc6 10. Ne2 Qd7 11. c3 d5 12. e5 Nf5 13. Bf2 h5 14. a4 bxa4 15. Bc2 O-O
16. Bxa4 Qc8 17. h3 Na7 18. g4 hxg4 19. hxg4 Nh6 20. Bh4 Bc6 21. Qg3 Re8 22. Bg5
Kf8 23. Qh4 Ng8 24. Bf6 Bxa4 25. Rxa4 Bxf6 26. exf6 Qd8 27. g5 Qd7 28. Qh8 1-0

[Event "9th Leiden Open A 2015"]
[Site "Leiden NED"]
[Date "2015.07.25"]
[Round "8.20"]
[White "Dellert, Lena"]
[Black "Happel, Henk"]
[Result "0-1"]
[BlackTitle "FM"]
[WhiteElo "1835"]
[BlackElo "2107"]
[WhiteFideId "12991511"]
[BlackFideId "1001078"]
[EventDate "2015.07.17"]

1. e4 e6 2. d4 d5 3. Nd2 Nf6 4. e5 Nfd7 5. Bd3 c5 6. c3 b6 7. Ne2 Ba6 8. Bxa6
Nxa6 9. Nf3 Be7 10. O-O b5 11. a4 b4 12. dxc5 bxc3 13. c6 Ndc5 14. Nxc3 Nb4 15.
Nd4 Rc8 16. Qg4 Kf8 17. c7 Rxc7 18. Ndb5 Nc2 19. Nxc7 Nxa1 20. N7b5 a6 21. Nd4
Qc7 22. f4 Nab3 23. f5 Qxe5 24. Nxb3 Nxb3 25. fxe6 Nxc1 26. exf7 g6 27. Qc8+ Kg7
28. Qxa6 d4 29. Nb5 Qe3+ 30. Kh1 Nd3 31. Nc7 Nf2+ 32. Rxf2 Qxf2 33. Ne6+ Kh6 34.
h3 Qe1+ 35. Kh2 Qe5+ 36. Kg1 Bd6 37. f8=Q+ Rxf8 38. Nxf8 Qe3+ 39. Kf1 Bg3 0-1

[Event "9th Leiden Open A 2015"]
[Site "Leiden NED"]
[Date "2015.07.25"]
[Round "8.22"]
[White "Knudsen, Martin"]
[Black "Vreeburg, Jan"]
[Result "1-0"]
[WhiteElo "2026"]
[BlackElo "1901"]
[WhiteFideId "1406523"]
[BlackFideId "1019066"]
[EventDate "2015.07.17"]

1. d4 Nf6 2. c4 e6 3. Nf3 b6 4. e3 Bb7 5. Bd3 Nc6 6. a3 d5 7. Nc3 Bd6 8. O-O Ne7
9. Nb5 Ne4 10. Qc2 Ng6 11. Nxd6+ Qxd6 12. b3 O-O 13. a4 Rfc8 14. a5 a6 15. Bb2
f5 16. Rfc1 Qc6 17. Qe2 Qd6 18. Rc2 dxc4 19. bxc4 c5 20. Nd2 cxd4 21. Bxe4 fxe4
22. Bxd4 b5 23. Rb2 Bc6 24. Qg4 e5 25. Bb6 Qd3 26. cxb5 Bxb5 27. Qxe4 Qc3 28.
Qb1 Bd3 29. Qa2+ Kh8 30. h3 Bb5 31. Qa3 Qxa3 32. Rxa3 Kg8 33. Ne4 Rc1+ 34. Kh2
Rf8 35. Rc3 Rd1 36. Bc5 Rfd8 37. Bb6 Rf8 38. f3 Rd7 39. Nc5 Rd6 40. Ne4 Rd1 41.
Rd2 Rxd2 42. Nxd2 Re8 43. Ne4 Bf1 44. Kg1 Be2 45. Kf2 Bd1 46. Nc5 e4 47. Rc1 1-0

[Event "9th Leiden Open A 2015"]
[Site "Leiden NED"]
[Date "2015.07.26"]
[Round "9.1"]
[White "Howell, David W L"]
[Black "Petrov, Marian"]
[Result "1-0"]
[WhiteTitle "GM"]
[BlackTitle "GM"]
[WhiteElo "2698"]
[BlackElo "2487"]
[WhiteFideId "410608"]
[BlackFideId "2901773"]
[EventDate "2015.07.17"]

1. e4 c5 2. Nf3 Nc6 3. c3 e6 4. d4 d5 5. exd5 exd5 6. Bb5 Bd6 7. dxc5 Bxc5 8.
O-O Ne7 9. Nbd2 O-O 10. Nb3 Bb6 11. Re1 Bg4 12. Be3 Re8 13. Bd3 Ng6 14. Bxg6
hxg6 15. Bxb6 Rxe1+ 16. Qxe1 Qxb6 17. Nfd4 a5 18. h3 Bd7 19. Nxc6 bxc6 20. Qe7
a4 21. Qa3 Re8 22. Qxa4 Re2 23. Qd4 Qb8 24. c4 Re4 25. Qd2 Rxc4 26. Rc1 Rb4 27.
Nc5 Bf5 28. b3 Rh4 29. Qe3 Qb4 30. a4 Kh7 31. Kh2 d4 32. Qg3 d3 33. Nxd3 Bxd3
34. Qxd3 c5 35. Rc4 Qb8+ 36. Qg3 1-0

[Event "9th Leiden Open A 2015"]
[Site "Leiden NED"]
[Date "2015.07.26"]
[Round "9.2"]
[White "Nikolic, Predrag"]
[Black "Postny, Evgeny"]
[Result "1/2-1/2"]
[WhiteTitle "GM"]
[BlackTitle "GM"]
[WhiteElo "2601"]
[BlackElo "2642"]
[WhiteFideId "14400014"]
[BlackFideId "2804344"]
[EventDate "2015.07.17"]

1. d4 d5 2. c4 c6 3. Nc3 Nf6 4. e3 a6 5. Bd2 b5 6. cxd5 cxd5 7. Bd3 e6 8. f4 Bb7
9. Nf3 Nbd7 10. O-O Be7 11. Ne5 O-O 12. Ne2 1/2-1/2

[Event "9th Leiden Open A 2015"]
[Site "Leiden NED"]
[Date "2015.07.26"]
[Round "9.3"]
[White "De Jong, Jan-Willem"]
[Black "Chatalbashev, Boris"]
[Result "1/2-1/2"]
[WhiteTitle "IM"]
[BlackTitle "GM"]
[WhiteElo "2448"]
[BlackElo "2516"]
[WhiteFideId "1008641"]
[BlackFideId "2900440"]
[EventDate "2015.07.17"]

1. e4 d6 2. d4 Nf6 3. Nc3 g6 4. f4 Bg7 5. Nf3 O-O 6. e5 dxe5 7. fxe5 Nd5 8. Bc4
Be6 9. Nxd5 Bxd5 10. Bxd5 Qxd5 11. Qe2 b5 12. O-O Nc6 13. c3 f6 14. exf6 exf6
15. a4 bxa4 16. Rxa4 Rf7 17. Qc4 Qxc4 18. Rxc4 Na5 19. Rc5 Nb7 20. Rc6 Na5 21.
Rc5 Nb7 22. Rc6 Na5 23. Ra6 Nb3 24. Be3 Bf8 25. Nd2 Nxd2 26. Bxd2 c5 27. Rfxf6
Rb7 28. b4 cxb4 29. cxb4 Rd8 30. Bc3 Rdd7 31. Rfc6 Bxb4 32. Bxb4 Rxb4 33. d5
Rb1+ 34. Kf2 Rb2+ 35. Kf3 Rxd5 36. Rxa7 Rf5+ 37. Ke3 Rxg2 38. Rc8+ Rf8 39. Rxf8+
Kxf8 40. Rxh7 Kg8 41. Kd4 1/2-1/2

[Event "9th Leiden Open A 2015"]
[Site "Leiden NED"]
[Date "2015.07.26"]
[Round "9.4"]
[White "Das, Arghyadip"]
[Black "Pijpers, Arthur"]
[Result "1/2-1/2"]
[WhiteTitle "IM"]
[WhiteElo "2457"]
[BlackElo "2433"]
[WhiteFideId "5003610"]
[BlackFideId "1019554"]
[EventDate "2015.07.17"]

1. e4 e6 2. d4 d5 3. Nc3 Nf6 4. e5 Nfd7 5. f4 c5 6. Nf3 Nc6 7. Be3 a6 8. Qd2 Be7
9. dxc5 Nxc5 10. O-O-O Qa5 11. Kb1 b5 12. Ne2 Qxd2 13. Nxd2 Bd7 14. Nd4 Nxd4 15.
Bxd4 O-O 16. g3 b4 17. Bg2 Bb5 18. Rhe1 a5 19. h4 a4 20. Re3 Rac8 21. h5 1/2-1/2

[Event "9th Leiden Open A 2015"]
[Site "Leiden NED"]
[Date "2015.07.26"]
[Round "9.5"]
[White "Van der Marel, Lambertus"]
[Black "Tiviakov, Sergei"]
[Result "0-1"]
[BlackTitle "GM"]
[WhiteElo "2161"]
[BlackElo "2639"]
[WhiteFideId "1005855"]
[BlackFideId "1008013"]
[EventDate "2015.07.17"]

1. b3 Nf6 2. Bb2 d5 3. e3 g6 4. f4 Bg7 5. Nf3 O-O 6. Be2 c5 7. O-O Nc6 8. h3 d4
9. Qe1 Nb4 10. Na3 d3 11. cxd3 Nxd3 12. Bxd3 Qxd3 13. Nc4 Be6 14. Rc1 Rac8 15.
Ng5 Bxc4 16. Rxc4 Rfd8 17. Rf2 h6 18. Bxf6 Bxf6 19. Nf3 b5 20. Rc1 Qe4 21. Qf1
c4 22. bxc4 Rxc4 23. Rxc4 bxc4 24. Ne5 c3 25. dxc3 Qxe3 26. Ng4 Qxc3 27. Nxf6+
Qxf6 28. Kh1 e6 29. Qe2 h5 30. Rf1 Rd5 31. Qa6 Qd4 32. Qc8+ Kg7 33. Qb8 Ra5 34.
Qb3 Qd2 35. a3 Rc5 36. a4 Qd4 0-1

[Event "9th Leiden Open A 2015"]
[Site "Leiden NED"]
[Date "2015.07.26"]
[Round "9.6"]
[White "Milov, Leonid"]
[Black "Van der Raaf, Erik"]
[Result "1-0"]
[WhiteTitle "GM"]
[WhiteElo "2462"]
[BlackElo "2110"]
[WhiteFideId "14101068"]
[BlackFideId "1004115"]
[EventDate "2015.07.17"]

1. e4 e6 2. d4 d5 3. Nc3 Nf6 4. e5 Nfd7 5. Nce2 c5 6. c3 Nc6 7. Nf3 Be7 8. a3 a5
9. b3 g5 10. Be3 cxd4 11. cxd4 Nb6 12. Nc3 Bd7 13. Na4 Na7 14. Nc5 Bc6 15. a4
Nd7 16. h3 b6 17. Nd3 b5 18. Nc5 bxa4 19. bxa4 Nc8 20. Qc1 Ncb6 21. Nxe6 fxe6
22. Qxc6 Kf7 23. Qc1 Rg8 24. Bd3 Rc8 25. Qd1 Rg7 26. h4 gxh4 27. Nxh4 Nc4 28.
Bh6 Ra8 1-0

[Event "9th Leiden Open A 2015"]
[Site "Leiden NED"]
[Date "2015.07.26"]
[Round "9.7"]
[White "Erwich, Frank"]
[Black "Van Delft, Merijn"]
[Result "1/2-1/2"]
[WhiteTitle "FM"]
[BlackTitle "IM"]
[WhiteElo "2361"]
[BlackElo "2428"]
[WhiteFideId "1007076"]
[BlackFideId "1004670"]
[EventDate "2015.07.17"]

1. e4 c6 2. c4 d5 3. exd5 cxd5 4. cxd5 Nf6 5. Nc3 Nxd5 6. Nf3 Nc6 7. d4 Bf5 8.
Bb5 e6 9. Ne5 Nb4 10. O-O Bd6 11. Bf4 O-O 12. Bg3 Bxe5 13. dxe5 Qb6 14. Bxc6
Nxc6 15. Qb3 Qxb3 16. axb3 Rfd8 17. Rfd1 Rxd1+ 18. Rxd1 Rd8 1/2-1/2

[Event "9th Leiden Open A 2015"]
[Site "Leiden NED"]
[Date "2015.07.26"]
[Round "9.8"]
[White "Van Overdam, Julian"]
[Black "Van Halderen, Herman"]
[Result "1-0"]
[WhiteElo "2367"]
[BlackElo "2052"]
[WhiteFideId "1015303"]
[BlackFideId "1026682"]
[EventDate "2015.07.17"]

1. e4 c5 2. Nc3 Nc6 3. f4 g6 4. Nf3 Bg7 5. Bb5 Nd4 6. O-O a6 7. Bd3 e6 8. e5 Ne7
9. Ne4 Nxf3+ 10. Qxf3 Nf5 11. g4 d5 12. Nxc5 Nd4 13. Qf2 Nc6 14. c3 b6 15. Nb3
Bb7 16. Bc2 d4 17. Be4 Rb8 18. d3 O-O 19. Bd2 Qd7 20. Nxd4 Nxd4 21. Qxd4 Qxd4+
22. cxd4 Rfd8 23. Be3 b5 24. Rac1 Bf8 25. f5 exf5 26. gxf5 Bd5 27. Bxd5 Rxd5 28.
Rc7 1-0

[Event "9th Leiden Open A 2015"]
[Site "Leiden NED"]
[Date "2015.07.26"]
[Round "9.9"]
[White "Palit, Somak"]
[Black "Heemskerk, Wim"]
[Result "1/2-1/2"]
[WhiteTitle "IM"]
[BlackTitle "FM"]
[WhiteElo "2360"]
[BlackElo "2175"]
[WhiteFideId "5010454"]
[BlackFideId "1001000"]
[EventDate "2015.07.17"]

1. e4 c5 2. Nf3 e6 3. b3 a6 4. Bb2 Nc6 5. Be2 Nf6 6. e5 Nd5 7. O-O Nf4 8. Re1
Nxe2+ 9. Qxe2 b6 10. d4 cxd4 11. Nxd4 Bb7 12. Nd2 Qc7 13. c4 Bb4 14. N4f3 Ne7
15. a3 Bxd2 16. Nxd2 Ng6 17. f3 O-O 18. a4 d6 19. exd6 Qxd6 20. Ne4 Bxe4 21.
Qxe4 Rfd8 22. Bc3 Qd3 23. Rac1 Rab8 24. Qxd3 Rxd3 25. Red1 Rbd8 26. Rxd3 Rxd3
27. Kf2 Kf8 28. g3 Ne7 29. Ke2 Rd7 30. Rd1 Rxd1 31. Kxd1 Nc6 32. b4 f6 33. b5
axb5 34. axb5 Nb8 35. Bd4 Nd7 36. Kc2 Ke8 37. Kc3 Kd8 38. Kb4 Kc7 39. f4 g6 40.
g4 Kb7 41. g5 f5 42. c5 bxc5+ 43. Bxc5 e5 44. Be3 exf4 45. Bxf4 Nf8 46. h4 Ne6
47. Be3 f4 48. Bf2 Ng7 49. Kc4 Nf5 50. Kd5 h6 51. Ke5 hxg5 52. hxg5 f3 53. Bc5
Ng3 54. Kf4 Nf5 55. Kxf3 Ng7 56. Be3 Ne6 57. Kg4 Kc7 58. Bf2 1/2-1/2